| 000 | 01471pam a22003254a 4500 | ||
|---|---|---|---|
| 999 |
_c6998 _d6998 |
||
| 001 | 54081512 | ||
| 003 | OCoLC | ||
| 005 | 20190122120015.0 | ||
| 008 | 040123s2004 ilua b 000 0ceng | ||
| 010 | _a2004001579 | ||
| 020 | _a0842386033 | ||
| 040 |
_aDLC _cDLC _dCIN |
||
| 042 | _apcc | ||
| 043 | _an-us--- | ||
| 050 | 0 | 0 |
_aBR1700.3 _b.B57 2004 |
| 082 | 0 | 0 |
_a277.3 _222 _bB849R |
| 100 | 1 | _aBirdwell, Brian | |
| 245 | 1 | 0 |
_aRefined by fire : _ba family's triumph of love and faith : a soldier's story of 9-11 / _cBrian Birdwell & Mel Birdwell with Ginger Kolbaba |
| 260 |
_aWheaton, Ill. : _bTyndale House Publishers, _cc2004 |
||
| 300 |
_axv, 227 p. : _bill. ; _c21 cm |
||
| 504 | _aIncludes bibliographical references (p. [221]) | ||
| 505 | 0 | _aIntroduction: A day we'll never forget -- Death blow -- Road to survival -- The lone casualty at Georgetown -- The transfer -- The day after -- No rest for the weary -- Unconsciousness is bliss -- What happened? -- Aftereffects -- Previous pain -- Tough questions -- Pressing on -- Moving to step-down -- Waiting on God -- Going home -- The media -- Learning through the pain -- Going back -- Reaching out -- Where was God? -- Looking ahead | |
| 600 | 1 | 0 | _aBirdwell, Brian |
| 600 | 1 | 0 | _aBirdwell, Mel |
| 650 | 0 |
_aChristian biography _zUnited States |
|
| 650 | 0 |
_aSeptember 11 Terrorist Attacks, 2001 _xReligious aspects _xChristianity |
|
| 700 | 1 | _aBirdwell, Mel | |
| 700 | 1 | _aKolbaba, Ginger | |
| 942 |
_2ddc _cBK |
||